书目信息 |
| 题名: |
当代中国博物馆
|
|
| 作者: | 段勇 著 | |
| 分册: | ||
| 出版信息: | 南京 译林出版社 2017 |
|
| 页数: | 176页 | |
| 开本: | 24cm | |
| 丛书名: | ||
| 单 册: | ||
| 中图分类: | G269.2 | |
| 科图分类: | ||
| 主题词: | 博物馆事业--研究--中国 | |
| 电子资源: | ||
| ISBN: | 978-7-5447-7066-8 | |
| 000 | 00810nam0 2200241 450 | |
| 001 | 012001004565 | |
| 005 | 20140928162349.0 | |
| 010 | @a978-7-5447-7066-8@dCNY48.00 | |
| 100 | @a20171222d2017 em y0chiy50 ea | |
| 101 | 0 | @achi |
| 102 | @aCN@b320000 | |
| 105 | @aa z 000yy | |
| 106 | @ar | |
| 200 | 1 | @a当代中国博物馆@9dang dai zhong guo bo wu guan@dMuseums in contemporary China@f段勇著@zeng |
| 210 | @a南京@c译林出版社@d2017 | |
| 215 | @a176页@c彩图@d24cm | |
| 330 | @a本书力求将中国博物馆事业置于国际博物馆发展的大背景下,观察中国博物馆当下存在的问题、思考探寻可持续的发展方向。 | |
| 510 | 1 | @aMuseums in contemporary China@zeng |
| 606 | 0 | @a博物馆事业@x研究@y中国 |
| 690 | @aG269.2@v5 | |
| 701 | 0 | @a段勇@9duan yong@4著 |
| 801 | 0 | @aCN@b上海新华@c20180901 |
| 905 | @b1166472-6@dG269.2@e25@f5 | |
| 当代中国博物馆=Museums in contemporary China/段勇著.-南京:译林出版社,2017 |
| 176页:彩图;24cm |
| ISBN 978-7-5447-7066-8:CNY48.00 |
| 本书力求将中国博物馆事业置于国际博物馆发展的大背景下,观察中国博物馆当下存在的问题、思考探寻可持续的发展方向。 |
| ● |
| 相关链接 |
|
|
|
|
正题名:当代中国博物馆
索取号:G269.2/25
 
预约/预借
| 序号 | 登录号 | 条形码 | 馆藏地/架位号 | 状态 | 备注 |
| 1 | 1166472 | 211664723 | 第一样本阅览室/ [索取号:G269.2/25] | 在馆 | |
| 2 | 1166473 | 211664732 | 第四借阅区/ [索取号:G269.2/25] | 在馆 | |
| 3 | 1166474 | 211664741 | 第四借阅区/ [索取号:G269.2/25] | 在馆 | |
| 4 | 1166475 | 211664750 | 第四借阅区/ [索取号:G269.2/25] | 在馆 | |
| 5 | 1166476 | 211664769 | 密集书库-资源管理系/ [索取号:G269.2/25] | 在馆 |